000 00663nam a2200241Ia 4500
003 OSt
005 20220918174220.0
006 a|||||r|||| 00| 0
007 ta
008 220917b |||||||| |||| 00| 0 eng d
024 _a11,151
037 _cTextual
040 _aARTS
_cARTS
_beng
041 _2eng
_aeng
082 _aMB1, J32
100 _aBowden B V ed
_949544
245 0 _aFaster than thought
_b A symposium on digital computing machines
260 _aLondon
_bSir isaac pitman & sons, Ltd
_c1953
300 _a415
_ccm.
650 _aINDUSTRIAL ARTS
942 _hMB1, J32
_cTEXL
_2CC
999 _c152266
_d152266